<?xml version="1.0" encoding="UTF-8"?>
<record
    xmlns:xsi="http://www.w3.org/2001/XMLSchema-instance"
    xsi:schemaLocation="http://www.loc.gov/MARC21/slim http://www.loc.gov/standards/marcxml/schema/MARC21slim.xsd"
    xmlns="http://www.loc.gov/MARC21/slim">

  <leader>03404cam a2200421   4500500</leader>
  <controlfield tag="005">20260517000305.0</controlfield>
  <datafield tag="041" ind1=" " ind2=" ">
    <subfield code="a">fre</subfield>
  </datafield>
  <datafield tag="042" ind1=" " ind2=" ">
    <subfield code="a">dc</subfield>
  </datafield>
  <datafield tag="100" ind1="1" ind2="0">
    <subfield code="a">Rouffiac, Karine</subfield>
    <subfield code="e">author</subfield>
  </datafield>
  <datafield tag="700" ind1="1" ind2="0">
    <subfield code="a">Boudet, Gil</subfield>
    <subfield code="e">author</subfield>
  </datafield>
  <datafield tag="700" ind1="1" ind2="0">
    <subfield code="a">Biat, Isabelle</subfield>
    <subfield code="e">author</subfield>
  </datafield>
  <datafield tag="700" ind1="1" ind2="0">
    <subfield code="a">Gabrillargues, Dominique</subfield>
    <subfield code="e">author</subfield>
  </datafield>
  <datafield tag="700" ind1="1" ind2="0">
    <subfield code="a">Millot-The&#xEF;s, Brigitte</subfield>
    <subfield code="e">author</subfield>
  </datafield>
  <datafield tag="700" ind1="1" ind2="0">
    <subfield code="a">Dutheil, Fr&#xE9;d&#xE9;ric</subfield>
    <subfield code="e">author</subfield>
  </datafield>
  <datafield tag="700" ind1="1" ind2="0">
    <subfield code="a">Jean, Annette</subfield>
    <subfield code="e">author</subfield>
  </datafield>
  <datafield tag="700" ind1="1" ind2="0">
    <subfield code="a">Chamoux, Alain</subfield>
    <subfield code="e">author</subfield>
  </datafield>
  <datafield tag="245" ind1="0" ind2="0">
    <subfield code="a">Exp&#xE9;rience de l'Unit&#xE9; ARPEGES au CHU de Clermont-Ferrand&#xA0;: &#xE9;valuation et gestion de la sant&#xE9; au travail du personnel hospitalier</subfield>
  </datafield>
  <datafield tag="260" ind1=" " ind2=" ">
    <subfield code="c">2009.
							</subfield>
  </datafield>
  <datafield tag="500" ind1=" " ind2=" ">
    <subfield code="a">88</subfield>
  </datafield>
  <datafield tag="520" ind1=" " ind2=" ">
    <subfield code="a">R&#xE9;sum&#xE9;Afin de suivre l&#x2019;&#xE9;volution en 2002 de la m&#xE9;decine vers la sant&#xE9; au travail, le Centre Hospitalier Universitaire de Clermont-Ferrand a cr&#xE9;&#xE9; en 2003 une Unit&#xE9; d&#x2019;Analyse des Risques Professionnels et d&#x2019;&#xC9;valuation et de Gestion de l&#x2019;&#xC9;tat de Sant&#xE9; (ARPEGES) afin de mieux exploiter les donn&#xE9;es de la Sant&#xE9; au travail. Les analyses de cette Unit&#xE9; sont essentiellement bas&#xE9;es sur un questionnaire standardis&#xE9; syst&#xE9;matiquement administr&#xE9; au cours des examens annuels de m&#xE9;decine du travail et permettant de recueillir 23 indicateurs de risques professionnels et sanitaires. Le suivi annuel des indicateurs permet une vision collective des probl&#xE8;mes de sant&#xE9;, une meilleure d&#xE9;finition des cibles et des moyens d&#x2019;action. Apr&#xE8;s quatre ans, il montre un b&#xE9;n&#xE9;fice incontestable des actions pr&#xE9;ventives et correctives entreprises. Cet instrument de pilotage a modifi&#xE9; la &#xAB;&#xA0;culture&#xA0;&#xBB; du Service et appara&#xEE;t aujourd&#x2019;hui indispensable &#xE0; la d&#xE9;finition de ses orientations.</subfield>
  </datafield>
  <datafield tag="520" ind1=" " ind2=" ">
    <subfield code="a">In 2003, the university hospital in Clermont-Ferrand, France, established an Analysis Unit for Occupational Hazards and Health Status Evaluation and Management (Analyses des Risques Professionels et Evaluation et Gestion de l&#x2019;Etat de Sant&#xE9; &#x2013; ARPEGES) in order to make better use of occupational health data. The unit&#x2019;s analyses are mostly based on a standardised questionnaire that is systematically completed during the annual occupational medical examinations, which collects information on 23 indicators of occupational and health risks. The annual analysis of the indicators contributes to a comprehensive, collective vision of health problems, and a better definition of the target areas and means for action. After four years of operation, the unit&#x2019;s products and results demonstrate an indisputable benefit of prevention and corrective action. This instrument for guidance modified the &#x201C;culture&#x201D; of the service, and today it appears essential to the definition of its orientations.</subfield>
  </datafield>
  <datafield tag="690" ind1=" " ind2=" ">
    <subfield code="a">&#xE9;valuation de la sant&#xE9;</subfield>
  </datafield>
  <datafield tag="690" ind1=" " ind2=" ">
    <subfield code="a">m&#xE9;decine du travail</subfield>
  </datafield>
  <datafield tag="690" ind1=" " ind2=" ">
    <subfield code="a">pr&#xE9;vention</subfield>
  </datafield>
  <datafield tag="690" ind1=" " ind2=" ">
    <subfield code="a">risque cardio-vasculaire</subfield>
  </datafield>
  <datafield tag="690" ind1=" " ind2=" ">
    <subfield code="a">risques professionnels</subfield>
  </datafield>
  <datafield tag="690" ind1=" " ind2=" ">
    <subfield code="a">suivi longitudinal</subfield>
  </datafield>
  <datafield tag="690" ind1=" " ind2=" ">
    <subfield code="a">troubles musculo-squelettiques</subfield>
  </datafield>
  <datafield tag="690" ind1=" " ind2=" ">
    <subfield code="a">cardio-vascular risk</subfield>
  </datafield>
  <datafield tag="690" ind1=" " ind2=" ">
    <subfield code="a">health evaluation</subfield>
  </datafield>
  <datafield tag="690" ind1=" " ind2=" ">
    <subfield code="a">longitudinal follow-up</subfield>
  </datafield>
  <datafield tag="690" ind1=" " ind2=" ">
    <subfield code="a">musculoskeletal disorders</subfield>
  </datafield>
  <datafield tag="690" ind1=" " ind2=" ">
    <subfield code="a">occupational hazards</subfield>
  </datafield>
  <datafield tag="690" ind1=" " ind2=" ">
    <subfield code="a">occupational medicine</subfield>
  </datafield>
  <datafield tag="690" ind1=" " ind2=" ">
    <subfield code="a">prevention</subfield>
  </datafield>
  <datafield tag="786" ind1="0" ind2=" ">
    <subfield code="n">Sant&#xE9; Publique | 21 | 1 | 2009-03-30 | p. 11-23 | 0995-3914</subfield>
  </datafield>
  <datafield tag="856" ind1="4" ind2="1">
    <subfield code="u">https://stm.cairn.info/revue-sante-publique-2009-1-page-11?lang=fr&amp;redirect-ssocas=7080</subfield>
  </datafield>
  <datafield tag="999" ind1=" " ind2=" ">
    <subfield code="c">2230966</subfield>
    <subfield code="d">2230967</subfield>
  </datafield>
</record>
